[Event "La Pobla de Lillet op"]
[Site "La Pobla de Lillet ESP"]
[Date "2019.08.09"]
[Round "8.5"]
[White "Picañol Alamany, A."]
[Black "Moya Arau, C."]
[Result "1-0"]
[WhiteElo "2253"]
[BlackElo "2031"]
[PlyCount "87"]
[EventDate "2019.08.02"]
[EventType "swiss"]
[EventRounds "9"]
[EventCountry "ESP"]
[SourceTitle "Ajedrez en Madrid"]
[Source "lmi"]
[SourceDate "2020.06.24"]
[SourceVersion "1"]
[SourceVersionDate "2020.06.24"]
[SourceQuality "1"]

1. e4 e5 2. Nf3 Nc6 3. Bb5 a6 4. Ba4 Nf6 5. O-O Be7 6. Re1 b5 7. Bb3 O-O 8. a4
b4 9. d4 exd4 10. Nxd4 Nxd4 11. Qxd4 a5 12. Nd2 d6 13. Nc4 Be6 14. e5 dxe5 15.
Qxe5 Nd5 16. Qg3 Bf6 17. Bd2 Nb6 18. Nxb6 cxb6 19. Rad1 Qc8 20. Bxe6 fxe6 21.
Qb3 Kh8 22. Be3 Qc6 23. Rd2 Rad8 24. Red1 Rxd2 25. Rxd2 Rd8 26. Rxd8+ Bxd8 27.
Qd3 Be7 28. b3 h6 29. Bd4 Bc5 30. Bb2 Qc7 31. Qg6 Kg8 32. Qxe6+ Kh7 33. Qe4+
Kg8 34. h4 Qd7 35. g3 Qd6 36. Kg2 Qd1 37. Qe6+ Kf8 38. Qc8+ Kf7 39. Qb7+ Ke8
40. Qe4+ Kf7 41. Qf3+ Qxf3+ 42. Kxf3 g6 43. Bc1 h5 44. Be3 1-0

[Event "La Pobla de Lillet op"]
[Site "La Pobla de Lillet ESP"]
[Date "2019.08.09"]
[Round "8.6"]
[White "Simon del Sol, J."]
[Black "Capellades Subirana, M."]
[Result "0-1"]
[WhiteElo "2032"]
[BlackElo "2194"]
[PlyCount "110"]
[EventDate "2019.08.02"]
[EventType "swiss"]
[EventRounds "9"]
[EventCountry "ESP"]
[SourceTitle "Ajedrez en Madrid"]
[Source "lmi"]
[SourceDate "2020.06.24"]
[SourceVersion "1"]
[SourceVersionDate "2020.06.24"]
[SourceQuality "1"]

1. c4 Nf6 2. Nc3 d5 3. cxd5 Nxd5 4. d4 g6 5. Nf3 Bg7 6. e3 O-O 7. Bc4 c6 8. O-O
b6 9. Qb3 Bb7 10. Rd1 h6 11. e4 Nxc3 12. bxc3 Ba6 13. Bxa6 Nxa6 14. Ne5 Qd6 15.
Bf4 g5 16. Bg3 Bxe5 17. Bxe5 Qd7 18. Qc4 Nc7 19. d5 c5 20. Qe2 f6 21. Bg3 Ne8
22. f4 Ng7 23. f5 Qa4 24. d6 exd6 25. Rxd6 Rae8 26. Re1 Nxf5 27. Qh5 Ng7 28.
Qg6 Qxa2 29. Rd7 Rf7 30. Red1 Qe6 31. R1d6 Rxd7 32. Rxe6 Rxe6 33. Qxh6 Rd1+ 34.
Kf2 Rd2+ 35. Kf1 Rxe4 36. Qxf6 Ra4 37. Ke1 Rd5 38. Qc6 Re4+ 39. Kf2 Rf5+ 40.
Kg1 Re7 41. h3 Kh7 42. Kh2 Rf1 43. Qd5 Rf5 44. Qd3 Kh6 45. Qd6+ Re6 46. Qd7 a5
47. Qd8 Kh7 48. Qd7 Rg6 49. Qd1 c4 50. Qc2 b5 51. Bf2 g4 52. hxg4 Rfg5 53. Bh4
Rxg4 54. g3 Nh5 55. Qf5 Nxg3 0-1

[Event "La Pobla de Lillet op"]
[Site "La Pobla de Lillet ESP"]
[Date "2019.08.09"]
[Round "8.6"]
[White "Vegara Gallego, P."]
[Black "Molina Mañas, M."]
[Result "1-0"]
[WhiteElo "1638"]
[BlackElo "1613"]
[PlyCount "90"]
[EventDate "2019.08.02"]
[EventType "swiss"]
[EventRounds "9"]
[EventCountry "ESP"]
[SourceTitle "Ajedrez en Madrid"]
[Source "lmi"]
[SourceDate "2020.06.24"]
[SourceVersion "1"]
[SourceVersionDate "2020.06.24"]
[SourceQuality "1"]

1. Nf3 Nf6 2. b3 e6 3. Bb2 d5 4. e3 Be7 5. Be2 O-O 6. O-O b6 7. d4 Bb7 8. Nbd2
Nbd7 9. c4 c6 10. Rc1 Rc8 11. Re1 Bb4 12. a3 Be7 13. b4 c5 14. dxc5 bxc5 15.
cxd5 Bxd5 16. bxc5 Nxc5 17. Bd4 Qa5 18. Bxc5 Bxc5 19. Nb3 Bxb3 20. Qxb3 Qxa3
21. Qb7 Rb8 22. Qc7 Bb6 23. Qe5 Rbc8 24. Ra1 Qc5 25. Qf4 Qf5 26. Qa4 Qc2 27.
Qa6 Qe4 28. Ra4 Qc2 29. Nd4 Qc7 30. Bf3 Qc3 31. Rd1 Qb2 32. Ra2 Qb4 33. Ra4 Qc5
34. Ra2 Qc4 35. Qa3 Qc5 36. Qd3 Qc3 37. Qd2 Qc7 38. Nb5 Qb8 39. Rb1 Rcd8 40.
Qe2 Nd5 41. h3 Nc7 42. Nxa7 Rd6 43. Nc6 Rxc6 44. Bxc6 Nd5 45. Bxd5 exd5 1-0

[Event "La Pobla de Lillet op"]
[Site "La Pobla de Lillet ESP"]
[Date "2019.08.09"]
[Round "8.7"]
[White "Barcelo Sola, D."]
[Black "Ayza Ballester, J."]
[Result "1/2-1/2"]
[WhiteElo "2029"]
[BlackElo "2181"]
[PlyCount "67"]
[EventDate "2019.08.02"]
[EventType "swiss"]
[EventRounds "9"]
[EventCountry "ESP"]
[SourceTitle "Ajedrez en Madrid"]
[Source "lmi"]
[SourceDate "2020.06.24"]
[SourceVersion "1"]
[SourceVersionDate "2020.06.24"]
[SourceQuality "1"]

1. e4 c5 2. Nf3 Nc6 3. Bb5 Qc7 4. Nc3 e6 5. Bxc6 Qxc6 6. d4 cxd4 7. Nxd4 Qc7 8.
O-O a6 9. Qf3 Nf6 10. Bg5 Be7 11. Rfe1 d6 12. Rad1 O-O 13. Qg3 b5 14. a3 Bb7
15. f4 Rfe8 16. Re3 Nd7 17. Bxe7 Rxe7 18. Qh4 Ree8 19. Kh1 Qd8 20. Qg3 Nf6 21.
f5 Qe7 22. Qe1 Rac8 23. h3 Nd7 24. Qg3 Ne5 25. b3 Rc5 26. Rf1 Kh8 27. fxe6 fxe6
28. Nf3 Nd7 29. Rd1 e5 30. Nh4 Rxc3 31. Rxc3 Bxe4 32. Rc7 Qe6 33. Qg4 Qxg4 34.
hxg4 1/2-1/2

[Event "La Pobla de Lillet op"]
[Site "La Pobla de Lillet ESP"]
[Date "2019.08.09"]
[Round "8.7"]
[White "Solsona Manonelles, J."]
[Black "Burset Camps, G."]
[Result "1/2-1/2"]
[WhiteElo "1470"]
[BlackElo "1585"]
[PlyCount "57"]
[EventDate "2019.08.02"]
[EventType "swiss"]
[EventRounds "9"]
[EventCountry "ESP"]
[SourceTitle "Ajedrez en Madrid"]
[Source "lmi"]
[SourceDate "2020.06.24"]
[SourceVersion "1"]
[SourceVersionDate "2020.06.24"]
[SourceQuality "1"]

1. d4 d5 2. c4 e6 3. Nc3 Nf6 4. Nf3 Be7 5. Qc2 O-O 6. e4 dxe4 7. Nxe4 Nbd7 8.
Bd3 Nxe4 9. Bxe4 Nf6 10. Bg5 Nxe4 11. Bxe7 Qxe7 12. Qxe4 Qb4+ 13. Nd2 Bd7 14.
Qc2 c5 15. a3 Qb6 16. dxc5 Qxc5 17. O-O Bc6 18. b4 Qg5 19. Ne4 Qg6 20. f3 b6
21. Qe2 f5 22. Nf2 Rae8 23. Nd3 e5 24. Nxe5 Qf6 25. Rae1 Re6 26. f4 g5 27. Qe3
Rfe8 28. Qg3 g4 29. Nxc6 1/2-1/2

[Event "La Pobla de Lillet op"]
[Site "La Pobla de Lillet ESP"]
[Date "2019.08.09"]
[Round "8.8"]
[White "Blasco Cusido, F."]
[Black "Simon Padros, E."]
[Result "0-1"]
[WhiteElo "1928"]
[BlackElo "2110"]
[PlyCount "76"]
[EventDate "2019.08.02"]
[EventType "swiss"]
[EventRounds "9"]
[EventCountry "ESP"]
[SourceTitle "Ajedrez en Madrid"]
[Source "lmi"]
[SourceDate "2020.06.24"]
[SourceVersion "1"]
[SourceVersionDate "2020.06.24"]
[SourceQuality "1"]

1. e4 e6 2. d4 d5 3. exd5 exd5 4. Nf3 Bd6 5. Bd3 Bg4 6. O-O Ne7 7. c3 Nbc6 8.
Re1 Qd7 9. Nbd2 O-O-O 10. b4 Ng6 11. Qa4 Kb8 12. b5 Nce7 13. Ba3 Nc8 14. Bxd6
Qxd6 15. Ne5 Be6 16. Qb3 f6 17. Nef3 Nf4 18. Bf1 g5 19. Re3 Rhe8 20. Ne1 Bf5
21. Nc2 Bxc2 22. Qxc2 Re7 23. Rae1 Rde8 24. a4 Ng6 25. a5 Rxe3 26. Rxe3 Rxe3
27. fxe3 Qe7 28. e4 Nd6 29. exd5 Qe3+ 30. Kh1 Qf2 31. g3 Ne7 32. Qxh7 Nef5 33.
Qg8+ Nc8 34. Bh3 Nfe7 35. Qe6 Qxd2 36. b6 axb6 37. axb6 Qc1+ 38. Kg2 Qb2+ 0-1

[Event "La Pobla de Lillet op"]
[Site "La Pobla de Lillet ESP"]
[Date "2019.08.08"]
[Round "8.8"]
[White "Garcia Perez, M."]
[Black "Bosch Ricart, J."]
[Result "0-1"]
[WhiteElo "1506"]
[BlackElo "1572"]
[PlyCount "46"]
[EventDate "2019.08.02"]
[EventType "swiss"]
[EventRounds "9"]
[EventCountry "ESP"]
[SourceTitle "Ajedrez en Madrid"]
[Source "lmi"]
[SourceDate "2020.06.24"]
[SourceVersion "1"]
[SourceVersionDate "2020.06.24"]
[SourceQuality "1"]

1. e4 c6 2. d4 d5 3. exd5 cxd5 4. Bd3 Nf6 5. Bf4 Nc6 6. c3 Bg4 7. Qc2 e6 8. Nd2
Rc8 9. a3 Be7 10. Ngf3 Bh5 11. Ne5 Nxe5 12. dxe5 Nd7 13. h3 a6 14. Qa4 O-O 15.
g4 Nc5 16. Bxh7+ Kxh7 17. Qd4 Bg6 18. O-O-O Qb6 19. g5 Nd3+ 20. Qxd3 Bxd3 21.
Nb3 Qxb3 22. Rd2 Rxc3+ 23. Rc2 Qxc2# 0-1

[Event "La Pobla de Lillet op"]
[Site "La Pobla de Lillet ESP"]
[Date "2019.08.09"]
[Round "8.9"]
[White "Cervello Tost, R."]
[Black "Codina Calvo, D."]
[Result "1-0"]
[WhiteElo "2041"]
[BlackElo "1863"]
[PlyCount "53"]
[EventDate "2019.08.02"]
[EventType "swiss"]
[EventRounds "9"]
[EventCountry "ESP"]
[SourceTitle "Ajedrez en Madrid"]
[Source "lmi"]
[SourceDate "2020.06.24"]
[SourceVersion "1"]
[SourceVersionDate "2020.06.24"]
[SourceQuality "1"]

1. e4 d5 2. exd5 Qxd5 3. Nc3 Qd6 4. d4 Nf6 5. Nf3 Bg4 6. Be2 a6 7. Be3 Nc6 8.
Qd2 O-O-O 9. O-O-O e6 10. Ng5 Qd7 11. Bxg4 Nxg4 12. Qe2 Nf6 13. Kb1 h6 14. Nge4
Nd5 15. Na4 Ncb4 16. Nec5 Bxc5 17. Nxc5 Qd6 18. a3 Nc6 19. Ne4 Qe7 20. c4 Nxe3
21. Qxe3 Qh4 22. g3 Qg4 23. f3 Qg6 24. Ka1 Qf5 25. g4 Qa5 26. Nc5 Nxd4 27. Rxd4
1-0

[Event "La Pobla de Lillet op"]
[Site "La Pobla de Lillet ESP"]
[Date "2019.08.08"]
[Round "8.9"]
[White "Reyes Guillermo, C."]
[Black "Camprubi Juanola, J."]
[Result "0-1"]
[WhiteElo "1700"]
[BlackElo "1553"]
[PlyCount "40"]
[EventDate "2019.08.02"]
[EventType "swiss"]
[EventRounds "9"]
[EventCountry "ESP"]
[SourceTitle "Ajedrez en Madrid"]
[Source "lmi"]
[SourceDate "2020.06.24"]
[SourceVersion "1"]
[SourceVersionDate "2020.06.24"]
[SourceQuality "1"]

1. e4 d6 2. d4 Nf6 3. Nc3 c6 4. Bc4 g6 5. Nge2 Bg7 6. f3 Nbd7 7. Be3 e5 8. Qd2
h6 9. f4 Ng4 10. fxe5 Nxe3 11. Qxe3 dxe5 12. d5 Qb6 13. Qf3 Nf6 14. O-O-O O-O
15. h3 a5 16. dxc6 bxc6 17. Rd6 Qc5 18. Qd3 Kh7 19. Rd8 Rxd8 20. Qxd8 Qxc4 0-1

[Event "La Pobla de Lillet op"]
[Site "La Pobla de Lillet ESP"]
[Date "2019.08.09"]
[Round "8.10"]
[White "Jucla Esteve, FX."]
[Black "Begara Rodriguez, D."]
[Result "0-1"]
[WhiteElo "1647"]
[BlackElo "1430"]
[PlyCount "118"]
[EventDate "2019.08.02"]
[EventType "swiss"]
[EventRounds "9"]
[EventCountry "ESP"]
[SourceTitle "Ajedrez en Madrid"]
[Source "lmi"]
[SourceDate "2020.06.24"]
[SourceVersion "1"]
[SourceVersionDate "2020.06.24"]
[SourceQuality "1"]

1. e4 e5 2. Nf3 Nc6 3. Bb5 f5 4. Bxc6 dxc6 5. Nxe5 Qd4 6. Qh5+ g6 7. Nxg6 hxg6
8. Qxg6+ Kd8 9. d3 Be7 10. Nc3 Nf6 11. Be3 Qb4 12. O-O-O Rg8 13. Qf7 Bd7 14. a3
Qa5 15. Ne2 Be8 16. Qb3 Rb8 17. Ng3 Rf8 18. Nxf5 Bf7 19. c4 b5 20. Nxe7 Kxe7
21. Bc5+ Kd7 22. Bxf8 Rxf8 23. Qc3 Qxc3+ 24. bxc3 Ng4 25. Rdf1 bxc4 26. d4 Rb8
27. h3 Nf6 28. e5 Nd5 29. f4 Rb3 30. f5 Rxc3+ 31. Kb2 Rb3+ 32. Kc1 Ke8 33. e6
Bg8 34. Rf3 c3 35. Rhf1 Rxa3 36. g4 Bh7 37. g5 Ra1+ 38. Kc2 Rxf1 39. Rxf1 Ne3+
40. Kxc3 Nxf1 41. f6 Kf8 42. Kc4 Nd2+ 43. Kc5 a5 44. h4 Nb3+ 45. Kc4 a4 46. Kc3
Bg6 47. Kb4 Nxd4 48. Kxa4 Nxe6 49. Kb4 c5+ 50. Kc4 Kf7 51. Kc3 Bh5 52. Kd3 c6
53. Kd2 Nf4 54. Kc3 Be2 55. Kd2 Bg4 56. Kc3 Ng6 57. Kc4 Nxh4 58. Kxc5 Bd7 59.
Kc4 Nf3 0-1

[Event "La Pobla de Lillet op"]
[Site "La Pobla de Lillet ESP"]
[Date "2019.08.09"]
[Round "8.10"]
[White "Vargas Rodriguez, G."]
[Black "Viñals Rioja, J."]
[Result "0-1"]
[WhiteElo "1697"]
[BlackElo "2051"]
[PlyCount "90"]
[EventDate "2019.08.02"]
[EventType "swiss"]
[EventRounds "9"]
[EventCountry "ESP"]
[SourceTitle "Ajedrez en Madrid"]
[Source "lmi"]
[SourceDate "2020.06.24"]
[SourceVersion "1"]
[SourceVersionDate "2020.06.24"]
[SourceQuality "1"]

1. d4 d5 2. Nf3 Nf6 3. g3 c6 4. Bg2 e6 5. O-O Bd6 6. c4 O-O 7. Nc3 Nbd7 8. Qd3
dxc4 9. Qxc4 e5 10. dxe5 Nxe5 11. Nxe5 Bxe5 12. Rd1 Qe7 13. Be3 Bd6 14. Rxd6
Qxd6 15. Bc5 Qe6 16. Qxe6 Bxe6 17. Bxf8 Kxf8 18. Rd1 Ke7 19. b3 Rd8 20. Rxd8
Kxd8 21. Ne4 Nxe4 22. Bxe4 g6 23. f4 a5 24. Kf2 a4 25. Bc2 axb3 26. axb3 f5 27.
b4 Kc7 28. e4 fxe4 29. Bxe4 Kb6 30. Bd3 c5 31. bxc5+ Kxc5 32. Ke3 b5 33. Bb1
Kb4 34. Kf3 Bf5 35. Bxf5 gxf5 36. g4 fxg4+ 37. Ke4 Kc4 38. Ke5 b4 39. f5 b3 40.
f6 b2 41. f7 b1=Q 42. f8=Q Qb2+ 43. Ke6 Qb6+ 44. Kd7 Qb7+ 45. Ke6 Qd5+ 0-1

[Event "La Pobla de Lillet op"]
[Site "La Pobla de Lillet ESP"]
[Date "2019.08.09"]
[Round "8.12"]
[White "Corrigüelas Armillas, F."]
[Black "Garcia Galeote, L."]
[Result "1-0"]
[WhiteElo "1913"]
[BlackElo "1659"]
[PlyCount "115"]
[EventDate "2019.08.02"]
[EventType "swiss"]
[EventRounds "9"]
[EventCountry "ESP"]
[SourceTitle "Ajedrez en Madrid"]
[Source "lmi"]
[SourceDate "2020.06.24"]
[SourceVersion "1"]
[SourceVersionDate "2020.06.24"]
[SourceQuality "1"]

1. e4 d5 2. exd5 Qxd5 3. Nc3 Qd6 4. Nf3 Bg4 5. h3 Bh5 6. g4 Bg6 7. d4 Nc6 8.
Nb5 Qd7 9. Bf4 O-O-O 10. Bxc7 Qe6+ 11. Qe2 Qxe2+ 12. Bxe2 Rd7 13. Bg3 a6 14.
Na3 Nxd4 15. Ne5 Rd6 16. Nxg6 Rxg6 17. Bd3 Rc6 18. O-O-O Nf6 19. Bxa6 Rxa6 20.
Rxd4 e6 21. Rc4+ Rc6 22. Rxc6+ bxc6 23. Nc4 Ne4 24. Bh2 f5 25. f3 Ng5 26. Ne5
Bd6 27. Nxc6 Bxh2 28. Rxh2 Nxf3 29. Rf2 Nh4 30. a4 g5 31. Nd4 f4 32. Nxe6 h6
33. Nd4 Re8 34. Re2 Rd8 35. c3 f3 36. Rf2 Rf8 37. Kd2 Kb7 38. Nf5 Rd8+ 39. Kc2
Ng2 40. Kb3 Rd3 41. Nxh6 Nf4 42. Kc4 Nxh3 43. Kxd3 Nxf2+ 44. Ke3 Nd1+ 45. Kxf3
Nxb2 46. Ke4 Nxa4 47. c4 Kc6 48. Kd4 Nc5 49. Nf7 Ne6+ 50. Ke5 Nf8 51. Nxg5 Nd7+
52. Ke6 Nb6 53. Nf3 Kc5 54. Nd2 Nc8 55. g5 Nd6 56. g6 Ne8 57. Kf7 Nd6+ 58. Kg8
1-0

[Event "La Pobla de Lillet op"]
[Site "La Pobla de Lillet ESP"]
[Date "2019.08.10"]
[Round "9.1"]
[White "Pla Carulla, J."]
[Black "Marin Aso, JL."]
[Result "1/2-1/2"]
[WhiteElo "1796"]
[BlackElo "1908"]
[PlyCount "27"]
[EventDate "2019.08.02"]
[EventType "swiss"]
[EventRounds "9"]
[EventCountry "ESP"]
[SourceTitle "Ajedrez en Madrid"]
[Source "lmi"]
[SourceDate "2020.06.24"]
[SourceVersion "1"]
[SourceVersionDate "2020.06.24"]
[SourceQuality "1"]

1. d4 c5 2. c3 Nf6 3. Bf4 Qb6 4. Qb3 Qxb3 5. axb3 cxd4 6. Bxb8 Rxb8 7. Rxa7 e6
8. Nf3 dxc3 9. bxc3 Bc5 10. Ra2 Ne4 11. e3 O-O 12. Bd3 d5 13. O-O Be7 14. Bxe4
1/2-1/2

[Event "La Pobla de Lillet op"]
[Site "La Pobla de Lillet ESP"]
[Date "2019.08.10"]
[Round "9.2"]
[White "Cervello Tost, F."]
[Black "Picañol Alamany, A."]
[Result "1-0"]
[WhiteElo "2367"]
[BlackElo "2253"]
[PlyCount "33"]
[EventDate "2019.08.02"]
[EventType "swiss"]
[EventRounds "9"]
[EventCountry "ESP"]
[SourceTitle "Ajedrez en Madrid"]
[Source "lmi"]
[SourceDate "2020.06.24"]
[SourceVersion "1"]
[SourceVersionDate "2020.06.24"]
[SourceQuality "1"]

1. d4 Nf6 2. Nf3 c5 3. d5 e6 4. c4 b5 5. e4 Nxe4 6. Bd3 Qa5+ 7. Nbd2 Nf6 8. O-O
Be7 9. Ne4 bxc4 10. Nxf6+ Bxf6 11. Be4 Bb7 12. Ng5 Bxg5 13. Bxg5 f5 14. dxe6 d5
15. Bxd5 Nc6 16. Bxc6+ Bxc6 17. Qd6 1-0

[Event "La Pobla de Lillet op"]
[Site "La Pobla de Lillet ESP"]
[Date "2019.08.10"]
[Round "9.2"]
[White "Soler Bel, J."]
[Black "Taltavull Hidalgo, A."]
[Result "1-0"]
[WhiteElo "1881"]
[BlackElo "1648"]
[PlyCount "63"]
[EventDate "2019.08.02"]
[EventType "swiss"]
[EventRounds "9"]
[EventCountry "ESP"]
[SourceTitle "Ajedrez en Madrid"]
[Source "lmi"]
[SourceDate "2020.06.24"]
[SourceVersion "1"]
[SourceVersionDate "2020.06.24"]
[SourceQuality "1"]

1. d4 Nf6 2. Bg5 Ne4 3. Bf4 g5 4. Bc1 h6 5. f3 Nf6 6. e4 e6 7. Bd3 Rg8 8. Ne2
g4 9. f4 c5 10. e5 Nh5 11. O-O cxd4 12. f5 Qc7 13. Nf4 Nxf4 14. Bxf4 b6 15. Qe2
Bb7 16. Nd2 h5 17. Rae1 Bc5 18. Qf2 Na6 19. Qh4 Nb4 20. Kh1 Nxd3 21. cxd3 Ba6
22. Ne4 Be7 23. Nd6+ Qxd6 24. f6 Bxf6 25. exf6 Qf8 26. Qg3 Rc8 27. Rc1 Rxc1 28.
Rxc1 h4 29. Qe1 d6 30. Qb4 Kd8 31. Bxd6 Qe8 32. Be7+ 1-0

[Event "La Pobla de Lillet op"]
[Site "La Pobla de Lillet ESP"]
[Date "2019.08.10"]
[Round "9.3"]
[White "Puig Carres, J."]
[Black "Vegara Gallego, P."]
[Result "1/2-1/2"]
[WhiteElo "1673"]
[BlackElo "1638"]
[PlyCount "119"]
[EventDate "2019.08.02"]
[EventType "swiss"]
[EventRounds "9"]
[EventCountry "ESP"]
[SourceTitle "Ajedrez en Madrid"]
[Source "lmi"]
[SourceDate "2020.06.24"]
[SourceVersion "1"]
[SourceVersionDate "2020.06.24"]
[SourceQuality "1"]

1. c4 e5 2. Nc3 Bc5 3. Na4 Be7 4. d3 Nf6 5. g3 O-O 6. Bg2 Nc6 7. Nc3 h6 8. Nf3
d6 9. O-O Be6 10. a3 a5 11. b3 Qd7 12. Re1 Bg4 13. Be3 Bh3 14. Bh1 Ng4 15. Bd2
f5 16. Nd5 Bd8 17. e4 fxe4 18. dxe4 Qf7 19. Be3 Ne7 20. Nxe7+ Bxe7 21. Qd5 c6
22. Qxf7+ Rxf7 23. Nd2 Raf8 24. f3 Nxe3 25. Rxe3 h5 26. Rd3 g5 27. Bg2 Be6 28.
h3 g4 29. h4 gxf3 30. Bxf3 Bg4 31. Rf1 Kg7 32. Bxg4 hxg4 33. Kg2 b5 34. cxb5
cxb5 35. Rd5 Rb8 36. Rxf7+ Kxf7 37. Nf1 a4 38. b4 Rc8 39. Ne3 Rc3 40. Nxg4 Rxa3
41. Rxb5 Rb3 42. h5 Ke6 43. Nh6 a3 44. Ra5 Rxb4 45. Rxa3 Rxe4 46. Kf3 Rc4 47.
g4 Rf4+ 48. Kg3 Bg5 49. Nf5 e4 50. h6 Rf1 51. Kg2 Rb1 52. Ra6 Rd1 53. h7 Bf6
54. Ra8 d5 55. h8=Q Bxh8 56. Rxh8 d4 57. Rh6+ Ke5 58. Nd6 Kf4 59. Rf6+ Kxg4 60.
Nxe4 1/2-1/2

[Event "La Pobla de Lillet op"]
[Site "La Pobla de Lillet ESP"]
[Date "2019.08.10"]
[Round "9.3"]
[White "Touzane, O."]
[Black "Povill Claros, X."]
[Result "0-1"]
[WhiteElo "2268"]
[BlackElo "2276"]
[PlyCount "98"]
[EventDate "2019.08.02"]
[EventType "swiss"]
[EventRounds "9"]
[EventCountry "ESP"]
[SourceTitle "Ajedrez en Madrid"]
[Source "lmi"]
[SourceDate "2020.06.24"]
[SourceVersion "1"]
[SourceVersionDate "2020.06.24"]
[SourceQuality "1"]

1. Nf3 d5 2. c4 d4 3. b4 f6 4. e3 e5 5. c5 a5 6. Bc4 axb4 7. O-O Nc6 8. exd4
Nxd4 9. Nxd4 Qxd4 10. Qb3 Qxa1 11. Bf7+ Ke7 12. Na3 Nh6 13. Nc2 Qxa2 14. Qxa2
Rxa2 15. Bxa2 Be6 16. Nxb4 Kf7 17. Bxe6+ Kxe6 18. d4 exd4 19. Re1+ Kf7 20. Nd3
Be7 21. Bf4 b6 22. cxb6 cxb6 23. Rc1 g5 24. Bc7 b5 25. Rb1 Rc8 26. Ba5 Rb8 27.
Kf1 Ke6 28. Re1+ Kd7 29. Re4 Nf7 30. Rxd4+ Kc6 31. Re4 Rb7 32. Ke2 Kd5 33. Ke3
Ne5 34. Nb4+ Kd6 35. Rd4+ Ke6 36. Bd8 Bc5 37. Nc2 Rd7 38. Ba5 Bxd4+ 39. Nxd4+
Rxd4 40. Kxd4 Nc6+ 41. Kc5 Nxa5 42. Kxb5 Nb7 43. Kc4 Ke5 44. Kd3 Nd6 45. Ke3 f5
46. g3 g4 47. f3 h5 48. Kf2 Kd4 49. Ke2 Nc4 0-1

[Event "La Pobla de Lillet op"]
[Site "La Pobla de Lillet ESP"]
[Date "2019.08.10"]
[Round "9.4"]
[White "Bosch Ricart, J."]
[Black "Camprubi Juanola, J."]
[Result "1/2-1/2"]
[WhiteElo "1572"]
[BlackElo "1553"]
[PlyCount "110"]
[EventDate "2019.08.02"]
[EventType "swiss"]
[EventRounds "9"]
[EventCountry "ESP"]
[SourceTitle "Ajedrez en Madrid"]
[Source "lmi"]
[SourceDate "2020.06.24"]
[SourceVersion "1"]
[SourceVersionDate "2020.06.24"]
[SourceQuality "1"]

1. d4 g6 2. Nf3 d6 3. e3 Bg7 4. Bd3 Bg4 5. h3 Bxf3 6. Qxf3 c6 7. O-O Nf6 8. Rd1
O-O 9. Nd2 d5 10. Nf1 Nbd7 11. Ng3 e5 12. dxe5 Nxe5 13. Qe2 Nfd7 14. e4 Nc5 15.
exd5 Nexd3 16. cxd3 Qxd5 17. Be3 Rfe8 18. Qc2 Ne6 19. Qc4 Qd6 20. Qc1 Nd4 21.
Bxd4 Qxd4 22. Rb1 h5 23. Qc2 Re7 24. Ne2 Qd6 25. Nc3 Bxc3 26. bxc3 Rae8 27. Rf1
b6 28. Rbd1 Re2 29. Rd2 Re1 30. Rd1 R8e2 31. Rd2 Rxf1+ 32. Kxf1 Rxd2 33. Qxd2
Qe6 34. Qe2 Qxe2+ 35. Kxe2 f5 36. f4 h4 37. d4 b5 38. Kd3 Kf7 39. c4 Ke6 40. a3
a6 41. Kc3 a5 42. Kb3 Kd6 43. Kc3 Kd7 44. Kb3 Ke6 45. Kc3 Kf6 46. Kb3 g5 47.
fxg5+ Kxg5 48. Kc3 Kf6 49. Kb3 Ke6 50. d5+ cxd5 51. cxb5 Kd6 52. a4 Kc5 53. Kc3
d4+ 54. Kd3 Kd5 55. Kd2 Ke5 1/2-1/2

[Event "La Pobla de Lillet op"]
[Site "La Pobla de Lillet ESP"]
[Date "2019.08.10"]
[Round "9.4"]
[White "Capellades Subirana, M."]
[Black "Gomez Jurado, LA."]
[Result "0-1"]
[WhiteElo "2194"]
[BlackElo "2293"]
[PlyCount "70"]
[EventDate "2019.08.02"]
[EventType "swiss"]
[EventRounds "9"]
[EventCountry "ESP"]
[SourceTitle "Ajedrez en Madrid"]
[Source "lmi"]
[SourceDate "2020.06.24"]
[SourceVersion "1"]
[SourceVersionDate "2020.06.24"]
[SourceQuality "1"]

1. e4 c6 2. d4 d5 3. Nc3 dxe4 4. Nxe4 Bf5 5. Ng3 Bg6 6. Nf3 Nd7 7. h4 h6 8. h5
Bh7 9. Bd3 Bxd3 10. Qxd3 e6 11. Bf4 Qa5+ 12. Bd2 Bb4 13. Ne4 Ngf6 14. Nd6+ Ke7
15. Nc4 Bxd2+ 16. Nfxd2 Qc7 17. O-O-O Rhc8 18. Rhe1 Kf8 19. Qf3 c5 20. dxc5
Nxc5 21. Nb3 Na4 22. Rd4 b5 23. Na3 a5 24. Re2 Rab8 25. g4 Nc5 26. Qe3 Ncd7 27.
g5 hxg5 28. Qxg5 a4 29. Na1 Qc5 30. Qd2 Qxh5 31. f4 Kg8 32. Rh2 Qf3 33. Qe1 Ng4
34. Rh1 Nf2 35. Rf1 Nd3+ 0-1

[Event "La Pobla de Lillet op"]
[Site "La Pobla de Lillet ESP"]
[Date "2019.08.10"]
[Round "9.5"]
[White "Casanovas Barniol, G."]
[Black "Casamitjana Nuñez, A."]
[Result "0-1"]
[WhiteElo "1447"]
[BlackElo "1788"]
[PlyCount "132"]
[EventDate "2019.08.02"]
[EventType "swiss"]
[EventRounds "9"]
[EventCountry "ESP"]
[SourceTitle "Ajedrez en Madrid"]
[Source "lmi"]
[SourceDate "2020.06.24"]
[SourceVersion "1"]
[SourceVersionDate "2020.06.24"]
[SourceQuality "1"]

1. e4 Nf6 2. Nc3 d5 3. exd5 Nxd5 4. Bc4 Nxc3 5. Qf3 e6 6. dxc3 Bd6 7. Bd2 Nc6
8. Qg4 O-O 9. Bh6 Qf6 10. Bg5 Qe5+ 11. Ne2 Kh8 12. Bf4 Qf6 13. Bg5 Qg6 14. Bd3
f5 15. Qh4 h6 16. Bd2 e5 17. f3 Be7 18. Qg3 Qh5 19. Qh3 Qf7 20. Qg3 Bd6 21. Qf2
Bd7 22. O-O-O Qxa2 23. Bxh6 gxh6 24. c4 Qa1+ 25. Kd2 Qxb2 26. Qh4 Kh7 27. Ng3
Qd4 28. Qh3 Bb4+ 29. Ke2 e4 30. fxe4 fxe4 31. Bxe4+ Qxe4+ 32. Nxe4 Bxh3 33.
gxh3 Rf7 34. Rhg1 Re8 35. Rdf1 Rxe4+ 36. Kd3 Rxf1 37. Rxf1 Re7 38. h4 Bc5 39.
Rf5 Bd6 40. h3 Kg6 41. Rb5 b6 42. h5+ Kh7 43. c3 Bc5 44. h4 Re5 45. Rb1 Rxh5
46. Rf1 Kg6 47. Re1 Ne5+ 48. Ke4 Nxc4 49. Kd3 Rxh4 50. Re8 Nd6 51. Ra8 Kf5 52.
Rxa7 Rh3+ 53. Ke2 Nb5 54. Ra8 Nxc3+ 55. Kd2 Nb5 56. Ra1 Ke4 57. Re1+ Kd4 58.
Kc2 Rh2+ 59. Kb3 Rh3+ 60. Kc2 Kc4 61. Re4+ Nd4+ 62. Kd2 Rh2+ 63. Kd1 Kd3 64.
Re1 Rg2 65. Kc1 Nb3+ 66. Kb1 Rg1 0-1